Geofyzika

Salvato in:
Dettagli Bibliografici
Autore principale: Hybášek, Jaroslav (Autore)
Natura: Libro
Lingua:ceco
Pubblicazione: Brno : Vysoké učení technické v Brně, 1988
Tags: Aggiungi Tag
Nessun Tag, puoi essere il primo ad aggiungerne!!

MARC

LEADER 00000nam a22000003a 4500
001 stu86736
005 20150617225629.3
008 040505s1988----cs------------------cze-d
040 |a STU  |b slo 
041 0 |a cze 
044 |a cs 
080 |a 550.3(075.8) 
100 1 |a Hybášek, Jaroslav  |4 aut 
245 1 |a Geofyzika 
260 |a Brno :  |b Vysoké učení technické v Brně,  |c 1988 
300 |a 156 s 
996 |b 284V029315  |c V*30365/S-89  |l VVT  |s A  |a 24  |w stu86736_0001